000 00548nam a2200169 a 4500
008 120416s0000 ||||||||||||||||| || u
020 _a0827333927
050 _aTP 1120 Ric
100 _aRichardson, Terry L
245 1 0 _aIndustrial plastics
246 _atheory and application
250 _a2nd ed.
260 _aAlbany, [N.Y.]
_bDelmar
_c1989
300 _aiv, 521p. : ill.
350 _a0.00
995 _D0.00
_FCBU-MAIN LIBRARY (Kitwe)
_H1
_I24.00
_UDAMAGED
_ZMain Library Open Access Collection
999 _c46747
_d46747